Statistics for 1-20 In Spanish

Click here to take the quiz!

General Stats

  • This quiz has been taken 26 times
  • The average score is 15 of 20

Answer Stats

HintAnswer% Correct
2dos
100%
3tres
100%
1uno
100%
8ocho
96%
5cinco
91%
6seis
91%
9nueve
83%
11once
83%
7siete
83%
4cuatro
78%
12doce
78%
13trece
78%
10diez
74%
15quince
65%
14catorce
61%
20veinte
57%
16dieciséis
52%
19diecinueve
48%
18Dieciocho
48%
17diecisiete
17%

Score Distribution

Percentile by Number Answered

Percent of People with Each Score

Your Score History

You have not taken this quiz